Traité d'économie politique, ou Simple exposition de la manière dont se forment, se distribuent, et se consomment les richesses / (Record no. 164860)
[ view plain ]
| 000 -LEADER | |
|---|---|
| campo de control de longitud fija | 01121nam a22002535i 4500 |
| 001 - NÚMERO DE CONTROL | |
| campo de control | 164860 |
| 003 - IDENTIFICADOR DE NÚMERO DE CONTROL | |
| campo de control | ES-MaACL |
| 005 - FECHA Y HORA DE LA ÚLTIMA TRANSACCIÓN | |
| campo de control | 20251015063146.0 |
| 008 - DATOS DE LONGITUD FIJA--INFORMACIÓN GENERAL | |
| campo de control de longitud fija | 990625s1841 fr f |||| | fre d |
| 040 ## - FUENTE DE CATALOGACIÓN | |
| Centro catalogador/agencia de origen | CCPB | B |
| Lengua de catalogación | spa |
| Centro/agencia transcriptor | CCPB | B |
| 100 1# - ENTRADA PRINCIPAL--NOMBRE DE PERSONA | |
| Nombre de persona | Say, Jean Baptiste, |
| Fechas asociadas al nombre | 1767-1832 |
| 9 (RLIN) | 132518 |
| 245 10 - MENCIÓN DEL TÍTULO | |
| Título | Traité d'économie politique, ou Simple exposition de la manière dont se forment, se distribuent, et se consomment les richesses / |
| Mención de responsabilidad, etc. | par Jean-Batiste Say. |
| 250 ## - MENCION DE EDICION | |
| Mención de edición | Sixième éd. entièremeny revue par l´auteur et publiée ... |
| Resto de la mención de edición | par Horace Say. |
| 260 ## - PUBLICACIÓN, DISTRIBUCIÓN, ETC. | |
| Lugar de publicación, distribución, etc. | Paris : |
| Nombre del editor, distribuidor, etc. | Guillaumin, libraire, |
| Fecha de publicación, distribución, etc. | 1841 ( |
| Lugar de fabricación/manufactura | Senlis : |
| Fabricante | imprimerie de Madame Fessart) |
| 300 ## - DESCRIPCIÓN FÍSICA | |
| Extensión | VII, 640 p. ; |
| Dimensiones | 25 cm. |
| 490 1# - MENCIÓN DE SERIE | |
| Mención de serie | Collection des principaux èconomistes ; |
| Designación de volumen o secuencia | 9 |
| 597 ## - NOTA DE DESCRIPCIÓN FÍSICA | |
| NOTA DE DESCRIPCIÓN FÍSICA | Antep. |
| 650 07 - PUNTO DE ACCESO ADICIONAL DE MATERIA--TÉRMINO DE MATERIA | |
| Término de materia o nombre geográfico como elemento de entrada | Economía |
| Fuente del encabezamiento o término | embne |
| 9 (RLIN) | 12006 |
| 700 0# - ENTRADA AGREGADA--NOMBRE PERSONAL | |
| Nombre de persona | Say, Horace. |
| 9 (RLIN) | 132517 |
| 740 0# - ENTRADA AGREGADA--TÍTULO RELACIONADO/ANALÍTICO NO CONTROLADO | |
| Título relacionado o analítico no controlado | Simple exposition de la manière dont se forment, se distribuent, et se consomment les richesses. |
| 830 0# - PUNTO DE ACCESO ADICIONAL DE SERIE-TÍTULO UNIFORME | |
| Título uniforme | Collection des principaux èconomistes ; |
| Designación de volumen o secuencia | 9 |
| 9 (RLIN) | 188371 |
| 852 ## - LOCALIZACIÓN | |
| Ubicación | ES-MaACL |
| Número de control de estantería | F-4950 |
| Nota libre | -- Enc. hol. |
| Estatus retirado | Estado de pérdida | Estado de daño | No para préstamo | Colección | Biblioteca de origen | Biblioteca actual | Ubicación en estantería | Fecha de adquisición | Fuente de adquisición | Total de préstamos | Signatura topográfica completa | Código de barras | Visto por última vez | Precio de reemplazo | Tipo de ítem Koha |
|---|---|---|---|---|---|---|---|---|---|---|---|---|---|---|---|
| Libros del s. XIX | Biblioteca del Ateneo de Madrid | Biblioteca del Ateneo de Madrid | Depósito 2 | 17/01/2008 | F-4950 | 1172821 | 23/02/2023 | 23/02/2023 | Libro impreso antiguo |
